|
003 -Nazwa inst., której nr kontr. jest w polu 001 [,]
|
-
- @
- Nazwa instytucji, której n kontrolny jest w polu 001
- NUKAT
|
|
005 -DATA I CZAS OSTATNIEJ MODYFIKACJI [,]
|
-
- @
- pole kontrolne
- 20260401190440.0
|
|
020 -Międzynarod. znormalizowany nr książki - ISBN [ , ]
|
-
- a
- Numer ISBN
- 8389372010
|
|
040 -Instytucja sporządzająca opis [ , ]
|
-
- a
- Instytucja, która sporządziła opis (NP)
- KR 295/MP
-
- c
- Instytucja, która sporządziła rekord (NP)
- KR 295/MP
-
- d
- Instytucja, która zmodyfikowała rekord (P)
- KR 295/MP
-
- d
- Instytucja, która zmodyfikowała rekord (P)
- WR O/IS
-
- d
- Instytucja, która zmodyfikowała rekord (P)
- WA U/ASO
-
- d
- Instytucja, która zmodyfikowała rekord (P)
- KR 93/MPs
-
- d
- Instytucja, która zmodyfikowała rekord (P)
- SZCZ U/JS
-
- d
- Instytucja, która zmodyfikowała rekord (P)
- WA 14/PTs
|
|
041 -Język dokumentu [1, ]
|
-
- a
- Język tekstu (P)
- polski
-
- h
- Język tekstu oryginalnego i/lub pośredniego (P)
- angielski
-
- h
- Język tekstu oryginalnego i/lub pośredniego (P)
- niemiecki
|
|
942 -Rodzaj dokumentu [ , ]
|
-
- c
- Rodzaj dokumentu
- Książka
|
|
300 -Strefa opisu fizycznego [ , ]
|
-
- a
- Określenie formy książki i/lub objętość (NP)
- 503 s. ;
-
|
|
336 -Typ zawartości [ , ]
|
-
- a
- Termin opisujący typ zawartości
- Tekst
-
- b
- Kod określający zawartość
- txt
-
- 2
- Źródło (terminu i kodu)
- rdacontent
|
|
337 -Typ mediów [ , ]
|
-
- a
- Tryb odtwarzania
- Bez urządzenia pośredniczącego
-
-
- 2
- Źródło (terminu i kodu)
- rdamedia
|
|
338 -Typ/rodzaj nośnika [ , ]
|
-
- a
- Hasło opisujące typ nośnika
- Wolumin
-
-
- 2
- Źródło (terminu i kodu)
- rdacarrier
|
|
380 -Deskryptor - Forma dzieła (P) [ , ]
|
-
- a
- forma dzieła (NP)
- Książki
|
|
380 -Deskryptor - Forma dzieła (P) [ , ]
|
-
- a
- forma dzieła (NP)
- Publikacje naukowe
|
|
385 -Deskryptor - grupa odbiorców (P) [ , ]
|
-
- a
- termin określający odbiorcę (P)
- Pracownicy naukowi i pracownice naukowe
|
|
388 -Deskryptor - czas powstania dzieła (P) [1, ]
|
-
- a
- Czas powstania dzieła (NP)
- 1901-2000
|
|
388 -Deskryptor - czas powstania dzieła (P) [1, ]
|
-
- a
- Czas powstania dzieła (NP)
- 1945-1989
|
|
080 -Uniwersalna Klasyfikacja Dziesiętna [ , ]
|
-
- 2
- Identyfikator wydania tablic
- UDC-P058
-
-
- a
- Symbol klasyfikacji
- 165
-
- b
- Dopowiedzenie
- Teoria poznania. Epistemologia. Zadania i cele poznania. Prawdziwość poznania. Warunki, źródła i rodzaje poznania. Przedmiot, zakres i granice poznania. Stanowiska i kierunki w teorii poznania. Racjonalizm. Irracjonalizm. Intuicjonizm. Filozofia wiary. Tradycjonalizm. Mistycyzm. Filozofia uczucia. Empiryzm. Sensualizm. Psychologizm. Krytycyzm. Dogmatyzm. Sceptycyzm. Nihilizm. Relatywizm. Nominalizm. Pozytywizm. Agnostycyzm. Pragmatyzm. Humanizm. Strukturalizm. Subiektywizm. Realizm teoriopoznawczy. Fenomenologia.
|
|
080 -Uniwersalna Klasyfikacja Dziesiętna [ , ]
|
-
- 2
- Identyfikator wydania tablic
- UDC-P058
-
-
- a
- Symbol klasyfikacji
- 167/168
-
- b
- Dopowiedzenie
- Metodologia. Badania naukowe. Metody naukowe. Metoda analityczna. Metoda syntetyczna. Klasyfikacja. Hipotezy. Dowód. Prawa i reguły naukowe. Teorie naukowe. Systematyka naukowa. Klasyfikacja nauk.
|
|
650 -Hasło przedmiotowe [ ,7]
|
-
- a
- Hasło przedmiotowe
- Nauka
-
- x
- Określnik rzeczowy
- metodologia.
-
-
|
|
650 -Hasło przedmiotowe [ ,7]
|
-
- a
- Hasło przedmiotowe
- Epistemologia.
-
-
|
|
650 -Hasło przedmiotowe [ ,7]
|
-
- a
- Hasło przedmiotowe
- Odkrycia naukowe.
-
-
|
|
650 -Hasło przedmiotowe [ ,7]
|
-
- a
- Hasło przedmiotowe
- Metodologia
-
-
|
|
650 -Hasło przedmiotowe [ ,7]
|
-
- a
- Hasło przedmiotowe
- Neopozytywizm
-
|
|
650 -Hasło przedmiotowe [ ,7]
|
-
- a
- Hasło przedmiotowe
- Nauki empiryczne
-
|
|
650 -Hasło przedmiotowe [ ,7]
|
-
- a
- Hasło przedmiotowe
- Filozofia nauki
-
-
|
|
650 -Hasło przedmiotowe [ ,7]
|
-
- a
- Hasło przedmiotowe
- Nauka i badania
-
-
|
|
655 -Hasło w funkcji tematu formalnego [ ,7]
|
-
-
-
|
|
658 -Ujęcie treści [ , ]
|
-
- a
- dziedzina nauki i sztuki/ sfera aktywności życiowej
- Filozofia i etyka
|
|
980 -Symbol UKD [ , ]
|
-
|